Blackpool Tram Stops on a Map - Statistics

General Stats
  • This quiz has been taken 95 times
    42 since last reset
  • The average score is 15 of 40
Answers on the Map
Answers color-coded by a green-red scale on the quiz's map according to % correct below.
 
Answer Stats
Stops % Correct
Pleasure Beach
74%
Tower
70%
North Pier
67%
Starr Gate
63%
Fleetwood Ferry
59%
South Pier
59%
Bispham
56%
North Station
56%
Central Pier
52%
Cleveleys
52%
Little Bispham
48%
Cabin
44%
Fisherman's Walk
41%
Norbreck
41%
Rossall School
41%
Manchester Square
37%
West Drive
37%
Anchorsholme Lane
33%
Broadwater
33%
Gynn Square
33%
London Street
33%
Rossall Beach
33%
Rossall Square
33%
Victoria Street
33%
Cavendish Road
30%
Cliffs Hotel
30%
Heathfield Road
30%
Lindel Road
30%
Thornton Gate
30%
Lowther Avenue
26%
Norbreck North
26%
Sandhurst Avenue
26%
Talbot Square
26%
Burlington Road West
22%
Harrow Place
22%
St Chad's Road
22%
Waterloo Road
22%
Pleasant Street
19%
Stanley Road
19%
Wilton Parade
19%
No matching quizzes found
Score Distribution
Percent of People with Each Score
Percentile by Number Answered
Your Score History
You have not taken this quiz since the last reset